000 01071nam a2200277 i 4500
001 5888
003 ES-MaACL
005 20240508104911.0
007 t|
008 890613s1988 sp ao |||| |dspa d
020 _a84-7658-118-1
080 _a821.134.2(72) Fuentes, Carlos 1.07
245 0 0 _aCarlos Fuentes
_b: premio de literatura en lengua castellana "Miguel de Cervantes" (1987) /
_c[F. Javier Ordiz Vázquez... (et al.)].
250 _a1ª ed.
260 _aBarcelona :
_bAnthropos ;
_aMadridDirección General del Libro y Bibliotecas,
_c1988.
300 _a157 p. :
_bil., fot. ;
_c20 cm.
490 1 _aÁmbitos literarios. Premios Cervantes ;
_v13
504 _aBibliografía: p. 127-148.
600 1 4 _aFuentes, Carlos-
_xCrítica e interpretación.
_9142426
700 1 _aOrdiz, Francisco Javier.
_987183
710 1 _aEspaña.
_bDirección General del Libro y Bibliotecas.
_93788
830 0 0 _aÁmbitos literarios.
_pPremios Cervantes ;
_v13
_9236240
852 _aES-MaACL
_jL-13028
_z. - rust.
942 _2udc
999 _c5888
_d5888